Tuvalu-Quiz - Statistiken

Allgemein
  • Dieses Quiz wurde 1.134 mal gespielt
  • Das Durchschnittsergebnis liegt bei 9 aus 14
Antwortstatistiken
Frage Antwort % Korrekt
Amtssprachen Englisch
98%
Land, dessen Flagge in der oberen linken Ecke der Flagge Tuvalus vorkommt Vereinigtes Königreich
85%
Währung Australischer Dollar
83%
Grundnahrungsmittel, das auf Palmen wächst Kokosnuss
81%
Inselstaat, der ca. 850 km südlich von Tuvalu liegt Fidschi
79%
Ozeanische Region, in welcher Tuvalu liegt {Poly}nesien
79%
Internetkürzel, dessen Vermarktung Tuvalu 50 Millionen US-Dollar einbrachte .tv
77%
Die neun Sterne auf der Flagge stehen für ... Inseln
64%
51.6% der Erwachsenen auf Tuvalu leiden an _____, den vierthöchsten Anteil weltweit Fettleibigkeit
63%
Hauptstadt Funafuti
60%
Tuvalu riß sich 1976 von diesem Inselstaat los Kiribati
55%
Amtssprachen Tuvaluisch
41%
Boot, auf welchem die ursprünglichen Siedlern nach Tuvalu gelangen Kanu
31%
Ehemaliger Name Tuvalus {Ellice}inseln
18%
Keine übereinstimmenden Quizze gefunden
Verteilung der Resultate
Anzahl Personen mit jedem Resultat
Perzentil nach korrekt beantworteten Fragen
Ihre Resultats-Entwicklung
Sie haben dieses Quiz noch nicht gespielt